Schaum's outline of theory and problems of electromagnetics
Gespeichert in:
| 1. Verfasser: | |
|---|---|
| Format: | Buch |
| Sprache: | Undetermined |
| Veröffentlicht: |
New York
McGraw-Hill
1993
|
| Schlagworte: | |
| Tags: |
Tag hinzufügen
Keine Tags, Fügen Sie den ersten Tag hinzu!
|
| Thư viện lưu trữ: | Trung tâm Học liệu Trường Đại học Cần Thơ |
|---|
| LEADER | 00512nam a2200181Ia 4500 | ||
|---|---|---|---|
| 001 | CTU_54680 | ||
| 008 | 210402s9999 xx 000 0 und d | ||
| 020 | |b 128000 | ||
| 082 | |a 537.02'02 | ||
| 082 | |b E24 | ||
| 100 | |a Josheph A. Edminister | ||
| 245 | 0 | |a Schaum's outline of theory and problems of electromagnetics | |
| 245 | 0 | |c Josheph A. Edminister | |
| 260 | |a New York | ||
| 260 | |b McGraw-Hill | ||
| 260 | |c 1993 | ||
| 650 | |a electromagnetism | ||
| 980 | |a Trung tâm Học liệu Trường Đại học Cần Thơ | ||